Statistiques concernant Artistes récompensés par le prestigieux MTV Video Vanguard Award

Cliquez ici pour prendre le quiz!

Statistiques générales

  • Ce quiz a été pris 10 fois
  • Le résultat moyen est 9 sur 36

Statistiques - réponses

AnnéeIndiceNom% Correct
2014Artiste féminineBeyoncé
89%
1989Artiste MasculinGeorge Michael
67%
1997Artiste MasculinLL Cool J
67%
1986Artiste féminineMadonna
67%
1988Artiste MasculinMichael Jackson
67%
2016Artiste féminineRihanna
67%
2011Artiste féminineBritney Spears
56%
1990Artiste féminineJanet Jackson
56%
1994GroupeThe Rolling Stones
56%
2023Artiste féminineShakira
44%
2001GroupeU2
44%
2018Artiste féminineJennifer Lopez
33%
2013Artiste MasculinJustin Timberlake
33%
2015Artiste MasculinKanye West
33%
2022Artiste féminineNicki Minaj
33%
2006RéalisateurHype Williams
22%
2019Artiste féminineMissy Elliott
22%
2017Artiste fémininePink
22%
1984GroupeThe Beatles
22%
2003GroupeDuran Duran
11%
2000GroupeRed Hot Chili Peppers
11%
1995GroupeR.E.M.
11%
1998GroupeBeastie Boys
0%
1991Artiste MasculinBon Jovi
0%
1984Artiste MasculinDavid Bowie
0%
1985Artiste MasculinDavid Byrne
0%
1985GroupeGodley & Creme
0%
1992GroupeGuns N' Roses
0%
1987RéalisateurJulien Temple
0%
1997RéalisateurMark Romanek
0%
1987Artiste MasculinPeter Gabriel
0%
1984RéalisateurRichard Lester
0%
1985RéalisateurRussell Mulcahy
0%
1994Artiste MasculinTom Petty
0%
1991RéalisateurWayne Isham
0%
1986RéalisateurZbigniew Rybczyński
0%

Distribution des résultats

Percentile par nombre de réponses

% des personnes avec chaque résultat

Votre développement - résultats

Vous n’avez pas pris ce quiz